| 000 | 00610nam a2200181Ia 4500 | ||
|---|---|---|---|
| 008 | 090122s9999 xx 000 0 und d | ||
| 082 | _b11826 | ||
| 100 |
_aगांगल _bवसंत |
||
| 245 | _aलावण्यनगरची राजकन्या | ||
| 260 |
_bश्रीशब्द _c1978 |
||
| 300 | _a90 | ||
| 501 | _a"भेट, आर. एस. सराफ" | ||
| 600 | _aगांगल | ||
| 630 | _aलावण्यनगरची राजकन्या | ||
| 700 | _aगांगल | ||
| 730 | _aलावण्यनगरची राजकन्या | ||
| 942 | _cBOOK | ||
| 999 |
_c35903 _d35903 |
||